000 00870nam a22002897a 4500
001 1807538
003 OSt
005 20260225104232.0
008 260225b |||||||| |||| 00| 0 eng d
010 _a 79001199
020 _a055323398
_c$8.95
035 _a1807538
040 _cKMU
_beng
_erda
050 0 0 _aQH 311
_b.T56 1979
100 1 _aThomas, Lewis,
_d1913-1993.
245 1 4 _aThe medusa and the snail :
_bmore notes of a biology watcher /
_cLewis Thomas.
260 _aNew York :
_bViking Press,
_c1979.
300 _aviii, 150 p. :
_c18 cm.
336 _atext
_btxt
_2rdacontent
337 _aunmediated
_bn
_2rdamedia
338 _avolume
_bnc
_2rdacarrier
650 0 _aBiology.
650 0 _aMedicine.
906 _a7
_bcbc
_corignew
_d1
_eocip
_f19
_gy-gencatlg
942 _2lcc
_cBK
_n0
999 _c2585
_d2585